| 000 | 00708nam a2200193 a 4500 | ||
|---|---|---|---|
| 008 | 201203s2009 ||||||||||||||||| || u | ||
| 020 | _a9780340986769 | ||
| 050 | _aDC 148 Ree | ||
| 100 | _aStiles, Andrina | ||
| 245 | 1 | 0 |
_aNapoleon, France and Europe. (3rd edition) _cBy Dylan Rees; Andrina Stiles |
| 250 | _a3rd edition | ||
| 260 |
_aLondon _bHodder Education _c2009 |
||
| 300 | _aiv, 188 pages: illustrations | ||
| 350 | _a29.96 | ||
| 650 | _aEUROPE--RELATIONS--FRANCE | ||
| 650 | _aFRANCE--RELATIONS--EUROPE | ||
| 700 | _aRees, Dylan | ||
| 995 |
_FCBU-MAIN LIBRARY (Kitwe) _I29.96 _M1 _UAVAILABLE _WDec 10, 2020 _ZMain Library Open Access Collection |
||
| 999 |
_c51868 _d51868 |
||